000 00474nam a2200193Ia 4500
003 GCL
008 140319s9999 xx 000 0 eng d
040 _aGCL /
_cGCL
082 0 4 _a709.022
_bM G
100 1 _aMARTINDALE, ANDREW
245 1 0 _aGOTHIC ART /
_cMARTINDALE, ANDREW
260 _a[S.N] :
_bTHAMES AND HUDSON ،
_c1991
300 _a287
650 0 4 _aARTS
650 0 4 _aHISTORY AND CRITICISM
650 0 4 _aGOTHIC
650 0 4 _aART, GOTHIC
942 _2ddc
_cBK
999 _c18817
_d18817